00343nam a2200133Ia 4500008004100000020001500041041001200056100001800068245005900086250000800145260003400153300000800187650001400195221030s9999 xx 000 0 und d a9381068588 aEnglish aR. S. Salaria 0aData Structrues & Algorithms using Ccby R. S. Salaria a5th bKhanna Pub.aNew Delhic2015 a522 aComputers